Michal Repka vyrobí z papiera dokonalú napodobneninu

Podrobná bibliografia
Médium: Článok
Jazyk:slovenčina
Fyzický popis:Fotogr.
Predmet:

MARC

LEADER 00000nab a2200000 a 4500
001 vtls010291246
003 SK-MaSNL
005 20260305033349.0
008 110708c2011 xo wr 0 0slo
038 |a SLLK 
040 |a SLLK  |b slo  |c sllk  |e AACR2 
041 |a slo 
044 |a xo  |c SK 
080 |a 745.54  |2 2001 
080 |a 379.826  |2 2001 
245 0 0 |a Michal Repka vyrobí z papiera dokonalú napodobneninu  |c Text a foto (hm) 
300 |b Fotogr. 
600 0 7 |a Repka, Michal  |2 SLLK  |9 590621 
648 7 |a 2011  |2 snkbucl  |9 328311 
650 0 7 |a modelárstvo  |2 SLLK  |9 3668 
650 0 7 |a výrobky z papiera  |2 SLLK  |9 654921 
651 7 |a Nová Ľubovňa (Slovensko)  |2 SLLK  |9 22366 
651 7 |a Stará Ľubovňa (Slovensko : okres)  |2 SLLK  |9 19196 
773 0 |t Ľubovnianske noviny  |g Roč. XXXVII, č. 20 (2011), s. 2 
999 |c 3324003  |d 3325933